000 00886nam a22002177a 4500
003 OSt
005 20250819145759.0
008 241007b |||||||| |||| 00| 0 eng d
040 _c0
082 _aDPer 613.705 J826 January-December 2020 v. 91 n. 1-9
100 _aGruno, Jennifer.
_eauthor.
_962477
245 _aIncorporating nature-based physical activity in physical and health education /
_cJennifer Gruno and Sandra L. Gibbons.
260 _aVirginia ;
_bAmerican Alliance for Health ,
_cMarch 2020.
300 _aVolume 91, pages 26-34 :
_billustration ;
_c28 cm.
500 _aThe Journal of Physical Education Recreation & Dance, vol. 91, no. 3, pages 26-34, March 2020.
650 0 _aPhysical education.
_950439
650 0 _aPhysical activity.
_951436
700 _aGruno, Jennifer.
_eauthor.
_962477
700 _aGibbons, Sandra L.
_eauthor.
_966938
942 _2ddc
_cPER
999 _c22319
_d22319